L'Ecriture et le souci de la langue (Record no. 46897)
[ view plain ]
| 000 -LEADER | |
|---|---|
| fixed length control field | 00778nam a22002297a 4500 |
| 003 - CONTROL NUMBER IDENTIFIER | |
| control field | 0 |
| 005 - DATE AND TIME OF LATEST TRANSACTION | |
| control field | 20160609165347.0 |
| 008 - FIXED-LENGTH DATA ELEMENTS--GENERAL INFORMATION | |
| fixed length control field | 100204t xxu||||| |||| 00| 0 eng d |
| 020 ## - NUMERO INTERNATIONAL NORMALISE DES LIVRES | |
| International Standard Book Number | 978-2-87209-858-3 |
| 040 ## - SOURCE DU CATALOGAGE | |
| Original cataloging agency | BUAC |
| Language of cataloging | Fr. |
| Transcribing agency | BUC |
| 041 ## - CODE DE LANGUE | |
| Language code of text/sound track or separate title | Fr. |
| 082 ## - DEWEY DECIMAL CLASSIFICATION NUMBER | |
| Classification number | 82.08 |
| 100 ## - VEDETTE PRINCIPALE - NOM DE PERSONNE | |
| Personal name | Fenoglio, Irène |
| Titles and other words associated with a name | Dir. |
| 9 (RLIN) | 3436 |
| 245 ## - TITLE STATEMENT | |
| Title | L'Ecriture et le souci de la langue |
| Remainder of title | : Ecrivains, linguistes ;témoignages e traces manuscrites |
| Statement of responsibility, etc | /Irène Fenoglio ; Michèl Arrivé, Jacqueline Authier-Revuz, et. Al. |
| 260 ## - PUBLICATION, DISTRIBUTION, ETC. (IMPRINT) | |
| Place of publication, distribution, etc | Bruxeles |
| Name of publisher, distributor, etc | Bruylant-Academia |
| Date of publication, distribution, etc | 2007 |
| 300 ## - PHYSICAL DESCRIPTION | |
| Extent | 198p. |
| Dimensions | 24 cm |
| 440 ## - SERIES STATEMENT/ADDED ENTRY--TITLE | |
| Title | Au coeur des textes |
| Number of part/section of a work | 7 |
| 9 (RLIN) | 3437 |
| 600 ## - SUBJECT ADDED ENTRY--PERSONAL NAME | |
| Personal name | Arrivé, Michel |
| Titles and other words associated with a name | Collab. |
| 9 (RLIN) | 3438 |
| 600 ## - SUBJECT ADDED ENTRY--PERSONAL NAME | |
| Personal name | Authier-Revuz, Jacquelie |
| Titles and other words associated with a name | Collab. |
| 9 (RLIN) | 3439 |
| 650 ## - SUBJECT ADDED ENTRY--TOPICAL TERM | |
| Topical term or geographic name as entry element | Langue : métier |
| 9 (RLIN) | 3440 |
| 942 ## - ADDED ENTRY ELEMENTS (KOHA) | |
| Koha item type | Livre |
| Withdrawn status | Lost status | Damaged status | Not for loan | Location (home branch) | Sublocation or collection (holding branch) | Date acquired | Source of acquisition | Koha issues (times borrowed) | Koha full call number | Koha date last seen | Copy number | Price effective from | Koha item type |
|---|---|---|---|---|---|---|---|---|---|---|---|---|---|
| Bibliothèque Universitaire Centrale | Bibliothèque Universitaire Centrale | Don de la Communauté Française de Belgique | 82.08 FEN | 04/02/2010 | 1 | 04/02/2010 | Livre |